| 000 | 01792cam a22004094a 4500 | ||
|---|---|---|---|
| 001 | 7921304 | ||
| 003 | OSt | ||
| 005 | 20210827152225.0 | ||
| 006 | m d | ||
| 007 | cr n | ||
| 008 | 090121s2009 gw a sb 101 0 eng d | ||
| 020 | _a9783642004476 (hardcover : alk. paper) | ||
| 035 | _a(WaSeSS)ssj0000320085 | ||
| 038 | _akhadija | ||
| 040 |
_aDLC _cDLC _dDLC _dWaSeSS |
||
| 050 | 4 |
_aQA76.9.S63 _bS61683 2009 |
|
| 082 | 0 | 0 |
_a006.3 _222 _bBEL |
| 100 |
_aFodor, Janos _981811 |
||
| 210 | 1 | 0 | _aSoft computing based modeling in intelligent systems |
| 245 | 0 | 0 |
_aSoft Computing Based Modeling in Intelligent Systems / _cValentina Emilia Balas, János Fodor, Annamária R. Várkonyi-Kóczy (eds.). |
| 260 |
_aBerlin : _bSpringer, _cc2009. |
||
| 490 | 0 |
_aStudies in computational intelligence, _x1860-949X ; _vv. 196 |
|
| 500 | _a"... contains the extended works originally presented at the IEEE International Workshop SOFA 2005 and additional papers"--Pref. | ||
| 504 | _aIncludes bibliographical references and index. | ||
| 506 | _aLicense restrictions may limit access. | ||
| 563 | _ahardcover | ||
| 650 | 0 |
_aSoft computing _vCongresses. _981697 |
|
| 650 | 0 |
_aIntelligent control systems _xMathematical models _vCongresses. _981812 |
|
| 700 | 1 |
_aBalas, Valentina Emilia. _981813 |
|
| 700 | 1 |
_aFodor, J. _q(János) _981814 |
|
| 700 | 1 |
_aVárkonyi-Kóczy, Annamária R. _981815 |
|
| 711 | 2 |
_aIEEE International Workshop on Soft Computing Applications _d(2005 : _cSzeged, Hungary and Arad, Romania) _981816 |
|
| 773 | 0 | _tSpringerLink ebooks - Engineering (2009) | |
| 856 | 4 | 0 |
_uhttp://www.columbia.edu/cgi-bin/cul/resolve?clio7921304 _zFull text available from SpringerLink ebooks - Engineering (2009) |
| 910 | _aLibrary of Congress record | ||
| 942 |
_2ddc _cBK |
||
| 999 |
_c31965 _d31965 |
||